| 000 | 00765nas a2200241 4500 | ||
|---|---|---|---|
| 001 | BR7700496 | ||
| 003 | BR-BrBNA | ||
| 005 | 20231205083044.0 | ||
| 007 | ta | ||
| 008 | 230509b bl.|||p| |||| 00| 00por d | ||
| 040 |
_aBR-BrBNA _bpor _cBiblioteca Nacional de Agricultura |
||
| 041 | _a(Pt) | ||
| 072 | _aH10 | ||
| 100 | 1 | _aAbreu, J.M. | |
| 245 | 1 | _aResultados preliminares sobre a eficacia de inseticidas no combate ao mandorova da seringueira (Erinnyis ello L.)[Brasil] | |
| 650 | _aINSETICIDA | ||
| 650 | _aMANDAROVA | ||
| 650 | _aSERINGUEIRA | ||
| 773 | 0 |
_tRevista Theobroma (Brazil) _xISSN 0370-7962 _g(Apr 1976), v. 6(2) p. 41-46 _wBR7700496 |
|
| 856 | 4 | 0 | _dLink DSPACE/MAPA BR7700496 |
| 909 |
_a202311 _bLúcia _c55 _dLúcia Elande |
||
| 942 |
_2AGRIS _n0 _cANA |
||
| 999 |
_c96070 _d96070 |
||